000 01216nam a2200289 i 4500
001 bg
245 0 0 _aWielkoskalowe projekty inwestycyjne jako czynnik podnoszenia konkurencyjności polskiej przestrzeni /
_cpod red. Tadeusza Markowskiego.
260 _aWarszawa :
_bKPZK PAN,
_c2004.
300 _a191 s. :
_bil. ;
_c21 cm.
490 1 _aBiuletyn / Polska Akademia Nauk. Komitet Przestrzennego Zagospodarowania Kraju,
_x0079-3493 ;
_vZ. 210
500 _aStreszcz. ang. przy art.
504 _aBibliogr. przy art.
650 9 _aPlanowanie przestrzenne
_zPolska
_yod 1989 r.
650 9 _aTransport
_xplanowanie przestrzenne
_zPolska
_yod 1989 r.
650 9 _aInwestycje
_xprojekty
_xzagadnienia
655 _aMateriały konferencyjne
700 1 _aMARKOWSKI, Tadeusz.
_eRed.
830 0 _aBiuletyn (Polska Akademia Nauk. Komitet Przestrzennego Zagospodarowania Kraju) ;
_vZ. 210
020 _a8391737799
040 _cBPK
041 0 _apol
_beng
080 _a711:656.1/.7:330.322](438)(061)
920 _a83-917377-9-9
942 _cKS
008 s pl f |000 0 pol
999 _c44279
_d44279
856 _uhttp://koha.tu.koszalin.pl/cgi-bin/koha/opac-detail.pl?biblionumber=44279
_yKatalog online BPK